Siniestralidad vial en España y la Unión Europea (1997-2007) / (Record no. 181048)

MARC details
000 -LEADER
campo de control de longitud fija 01251nam a2200289 i 4500
001 - NÚMERO DE CONTROL
campo de control 181048
003 - IDENTIFICADOR DE NÚMERO DE CONTROL
campo de control ES-MaACL
005 - FECHA Y HORA DE LA ÚLTIMA TRANSACCIÓN
campo de control 20231213194343.0
008 - DATOS DE LONGITUD FIJA--INFORMACIÓN GENERAL
campo de control de longitud fija 121015s2011 sp a | |||||||| | spa d
020 ## - NÚMERO INTERNACIONAL ESTÁNDAR DEL LIBRO
Número Internacional Estándar del Libro 978-84-92937-02-8
080 ## - NÚMERO DE LA CLASIFICACIÓN DECIMAL UNIVERSAL
Número de la Clasificación Decimal Universal 314.42(460):656.1.08
080 ## - NÚMERO DE LA CLASIFICACIÓN DECIMAL UNIVERSAL
Número de la Clasificación Decimal Universal 314.42(4-672 EU):656.1.08
245 00 - MENCIÓN DEL TÍTULO
Título Siniestralidad vial en España y la Unión Europea (1997-2007) /
Mención de responsabilidad, etc. dirigido por Carmen Herrero Blanco ; José María Abellán Perpiñán, Patricia Cubí Mollá, Jorge Eduardo Martínez Pérez, Ildefonso Méndez Martínez, Fernando Ignacio Sánchez Martínez.
250 ## - MENCION DE EDICION
Mención de edición 1ª ed.
260 ## - PUBLICACIÓN, DISTRIBUCIÓN, ETC.
Lugar de publicación, distribución, etc. Bilbao :
Nombre del editor, distribuidor, etc. Fundación BBVA,
Fecha de publicación, distribución, etc. 2011.
300 ## - DESCRIPCIÓN FÍSICA
Extensión 574 p. :
Otras características físicas il., gráf. ;
Dimensiones 24 cm.
504 ## - NOTA DE BIBLIOGRAFÍA, ETC.
Nota de bibliografía, etc. Bibliografía: p. 541-550. Índice.
650 #4 - PUNTO DE ACCESO ADICIONAL DE MATERIA--TÉRMINO DE MATERIA
Término de materia o nombre geográfico como elemento de entrada Accidentes de tráfico-
Subdivisión geográfica España.
9 (RLIN) 151578
650 #4 - PUNTO DE ACCESO ADICIONAL DE MATERIA--TÉRMINO DE MATERIA
Término de materia o nombre geográfico como elemento de entrada Accidentes de tráfico-
Subdivisión geográfica Países de la Unión Europea.
9 (RLIN) 151579
650 #4 - PUNTO DE ACCESO ADICIONAL DE MATERIA--TÉRMINO DE MATERIA
Término de materia o nombre geográfico como elemento de entrada Mortalidad-
Subdivisión geográfica España.
9 (RLIN) 151580
650 #4 - PUNTO DE ACCESO ADICIONAL DE MATERIA--TÉRMINO DE MATERIA
Término de materia o nombre geográfico como elemento de entrada Mortalidad-
Subdivisión geográfica Países de la Unión Europea-
Subdivisión de forma Estadísticas.
9 (RLIN) 151581
700 1# - ENTRADA AGREGADA--NOMBRE PERSONAL
Nombre de persona Abellán Perpiñán, José María
9 (RLIN) 151582
700 1# - ENTRADA AGREGADA--NOMBRE PERSONAL
Nombre de persona Herrero Blanco, Carmen.
9 (RLIN) 151583
852 ## - LOCALIZACIÓN
Ubicación ES-MaACL
Número de control de estantería A-12263
itemnumber 187931
Sublocalización o colección R.147197
Ubicación en estantería Depósito 1
Signatura antigua Olim: N-5268
942 ## - ELEMENTOS DE ENTRADA SECUNDARIOS (KOHA)
Fuente del sistema de clasificación o colocación Clasificación decimal universal
Tipo de ítem Koha Libro impreso
Holdings
Estatus retirado Estado de pérdida Fuente del sistema de clasificación o colocación Estado de daño No para préstamo Biblioteca de origen Biblioteca actual Ubicación en estantería Fecha de adquisición Fuente de adquisición Total de préstamos Signatura topográfica completa Código de barras Visto por última vez Precio de reemplazo Tipo de ítem Koha
    Clasificación decimal universal     Biblioteca del Ateneo de Madrid Biblioteca del Ateneo de Madrid Depósito 1 15/10/2012 Donación   A-12263 1190258 23/02/2023 23/02/2023 Libro impreso